Online
Catalog

Cuerdos y recuerdos : (Record no. 47758)

MARC details
000 -CABECERA
campo de control de longitud fija 01299nam a2200229 a 4500
001 - NÚMERO DE CONTROL
campo de control 000048270
003 - IDENTIFICADOR DEL NÚMERO DE CONTROL
campo de control OSt
005 - FECHA Y HORA DE LA ÚLTIMA TRANSACCIÓN
campo de control 20250708144319.0
008 - DATOS DE LONGITUD FIJA--INFORMACIÓN GENERAL
campo de control de longitud fija 181211s2013 dr ac 001 i spa d
020 ## - NÚMERO INTERNACIONAL ESTÁNDAR DEL LIBRO
Número Internacional Estándar del Libro 9789945471458
040 ## - FUENTE DE LA CATALOGACIÓN
Centro catalogador/agencia de origen DO-SdBNP
Lengua de catalogación spa
Centro/agencia transcriptor BNPHU
082 ## - NÚMERO DE LA CLASIFICACIÓN DECIMAL DEWEY
Número de clasificación xxxx
Número de documento/Ítem B844c
100 1# - ENTRADA PRINCIPAL--NOMBRE DE PERSONA
Nombre de persona Bretón Martínez, Freddy Antonio de Jesús,
Fechas asociadas al nombre 1947-
Término indicativo de función/relación autor
9 (RLIN) 11012
245 10 - MENCIÓN DE TÍTULO
Título Cuerdos y recuerdos :
Resto del título memorias /
Mención de responsabilidad, etc. Freddy Antonio de Jesús Bretón Martínez, Mons.
260 ## - PUBLICACIÓN, DISTRIBUCIÓN, ETC.
Lugar de publicación, distribución, etc. Santo Domingo :
Nombre del editor, distribuidor, etc. Amigo del Hogar,
Fecha de publicación, distribución, etc. 2013.
300 ## - DESCRIPCIÓN FÍSICA
Extensión 436 p. :
Otras características físicas il., retrs. ;
Dimensiones 24 cm.
500 ## - NOTA GENERAL
Nota general Incluye datos biográficos del autor en la solapa de la cubierta
505 0# - NOTA DE CONTENIDO CON FORMATO
Nota de contenido con formato Liminar --
Título Infancia y adolescencia --
-- Seminarista --
-- Algunas experiencias pastorales --
-- Presbitero --
-- Equipo formador seminario Santo Tomás de Aquino --
-- Roma --
-- De Roma a Cienfuegos --
-- De nuevo en el seminario Santo Tomás de Aquino --
-- Se cumplen los pronósticos --
-- Recuerdos del lenguaje --
-- El trato con los otros obispos --
-- La divina providencia --
-- El Papa --
-- Sobre mis escritos. Algunos tropezones --
-- Obispo en la llamada era digital --
-- Experiencia sacerdotal --
-- Algunos recuerdos de familia --
-- Mi muerte --
-- Anexos.
590 ## - NOTA LOCAL (RLIN)
Nota local Inventariado, 2019/LP
910 ## - DATOS DE OPCIÓN DEL USUARIO (OCLC)
Datos de opción del usuario Inventariado, 2020 / LP
942 ## - ELEMENTOS DE PUNTO DE ACCESO ADICIONAL (KOHA)
Fuente del sistema de clasificación o colocación Dewey Decimal Classification
Tipo de ítem Koha Libro
Holdings
Estado de retiro Estado de pérdida Fuente del sistema de clasificación o colocación No para préstamo Código de colección Localización permanente Ubicación/localización actual Ubicación en estantería Fecha de adquisición Fuente de adquisición Número de inventario Total de préstamos Signatura topográfica completa Código de barras Fecha visto por última vez Precio válido a partir de Tipo de ítem Koha Número de copia
    Dewey Decimal Classification Préstamo restrigido   Biblioteca Nacional Pedro Henríquez Ureña Biblioteca Nacional Pedro Henríquez Ureña En catalogación 30.11.2017 Donado por Dr. Luciano M. P.     xxxx B844c   20.10.2020 20.10.2020 Libro e.2
    Dewey Decimal Classification     Biblioteca Nacional Pedro Henríquez Ureña Biblioteca Nacional Pedro Henríquez Ureña En catalogación 30.11.2017 Donado por Dr. Luciano M. P.     xxxx B844c   20.10.2020 20.10.2020 Libro e. 3
    Dewey Decimal Classification     Biblioteca Nacional Pedro Henríquez Ureña Biblioteca Nacional Pedro Henríquez Ureña En catalogación 30.11.2017 Donado por Dr. Luciano M. P.     xxxx B844c   20.10.2020 20.10.2020 Libro e. 4
    Dewey Decimal Classification Excluido de préstamo Patrimonio Dominicano Patrimonio Dominicano Patrimonio Dominicano En catalogación 11.12.2018 Donado LF1   xxxx B844c 48270-10 25.06.2020 25.06.2020 Libro y Folleto Colección Patrimonio Dominicano  

Powered by Koha